The unfinished revolution : (Record no. 3466)
[ view plain ]
| 000 -LEADER | |
|---|---|
| fixed length control field | 00875cam a2200253 a 4500 |
| 001 - CONTROL NUMBER | |
| control field | 17106132 |
| 003 - CONTROL NUMBER IDENTIFIER | |
| control field | GZU |
| 005 - DATE AND TIME OF LATEST TRANSACTION | |
| control field | 20210415105458.0 |
| 008 - FIXED-LENGTH DATA ELEMENTS--GENERAL INFORMATION | |
| fixed length control field | 120105s2012 nyua b 001 0 eng |
| 010 ## - LIBRARY OF CONGRESS CONTROL NUMBER | |
| LC control number | 2011052738 |
| 020 ## - INTERNATIONAL STANDARD BOOK NUMBER | |
| International Standard Book Number | 9781447307365 |
| 040 ## - CATALOGING SOURCE | |
| Original cataloging agency | DLC |
| Transcribing agency | DLC |
| Modifying agency | DLC |
| 042 ## - AUTHENTICATION CODE | |
| Authentication code | pcc |
| 050 00 - LIBRARY OF CONGRESS CALL NUMBER | |
| Classification number | HQ1236 |
| Item number | UNF 2012 |
| 245 04 - TITLE STATEMENT | |
| Title | The unfinished revolution : |
| Remainder of title | voices from the global fight for women's rights / |
| Statement of responsibility, etc. | edited by Minky Worden. |
| 260 ## - PUBLICATION, DISTRIBUTION, ETC. | |
| Place of publication, distribution, etc. | Bristol : |
| Name of publisher, distributor, etc. | The Policy Press, |
| Date of publication, distribution, etc. | c2012. |
| 300 ## - PHYSICAL DESCRIPTION | |
| Extent | xviii, 361 p. : |
| Other physical details | col. ill. ; |
| Dimensions | 21 cm. |
| 504 ## - BIBLIOGRAPHY, ETC. NOTE | |
| Bibliography, etc. note | Includes bibliographical references and index. |
| 650 #0 - SUBJECT ADDED ENTRY--TOPICAL TERM | |
| Topical term or geographic name entry element | Women's rights. |
| 700 1# - ADDED ENTRY--PERSONAL NAME | |
| Personal name | Worden, Minky. |
| 906 ## - LOCAL DATA ELEMENT F, LDF (RLIN) | |
| a | 7 |
| b | cbc |
| c | orignew |
| d | 1 |
| e | ecip |
| f | 20 |
| g | y-gencatlg |
| 942 ## - ADDED ENTRY ELEMENTS (KOHA) | |
| Source of classification or shelving scheme | Library of Congress Classification |
| Koha item type | Books |
| Classification part | 1236 |
| Item part | UNF |
| Call number prefix | HQ |
| Withdrawn status | Lost status | Damaged status | Not for loan | Collection code | Home library | Current library | Shelving location | Date acquired | Total Checkouts | Full call number | Barcode | Date last seen | Copy number | Price effective from | Koha item type |
|---|---|---|---|---|---|---|---|---|---|---|---|---|---|---|---|
| Non-fiction | City Campus Library | City Campus Library | General Stacks | 12/01/2020 | HQ 1236 UNF 2012 | 025506 | 12/01/2020 | c.1 | 12/01/2020 | Books | |||||
| Non-fiction | City Campus Library | City Campus Library | General Stacks | 04/15/2021 | HQ 1236 UNF 2012 | 026587 | 04/15/2021 | c.2 | 04/15/2021 | Books | |||||
| Non-fiction | Gender Resource Centre | Gender Resource Centre | General Stacks | 05/20/2021 | HQ 1236 UNF 2012 | 025507 | 05/20/2021 | c.7 | 05/20/2021 | Books | |||||
| Non-fiction | Mashava Campus Library | Mashava Campus Library | General Stacks | 05/11/2021 | HQ 1236 UNF 2012 | 025495 | 05/11/2021 | c3 | 05/11/2021 | Books | |||||
| Non-fiction | Mashava Campus Library | Mashava Campus Library | General Stacks | 05/11/2021 | HQ 1236 UNF 2012 | 026613 | 05/11/2021 | c4 | 05/11/2021 | Books | |||||
| Non-fiction | Mashava Campus Library | Mashava Campus Library | General Stacks | 05/11/2021 | HQ 1236 UNF 2012 | 025611 | 05/11/2021 | c5 | 05/11/2021 | Books | |||||
| Non-fiction | Mashava Campus Library | Mashava Campus Library | General Stacks | 05/11/2021 | HQ 1236 UNF 2012 | 026602 | 05/11/2021 | c6 | 05/11/2021 | Books |